Comisión para el estudio de las cuestiones que interesan a la mejora o bienestar de las clases obreras, tanto agrícolas como industriales y que afectan a las relaciones entre el capital y el trabajo. (Record no. 177572)

MARC details
000 -LEADER
campo de control de longitud fija 00809nam a2200193 i 4500
001 - NÚMERO DE CONTROL
campo de control 177572
003 - IDENTIFICADOR DE NÚMERO DE CONTROL
campo de control ES-MaACL
005 - FECHA Y HORA DE LA ÚLTIMA TRANSACCIÓN
campo de control 20250603184102.0
008 - DATOS DE LONGITUD FIJA--INFORMACIÓN GENERAL
campo de control de longitud fija 110404s1884 sp |||| | spa d
245 00 - MENCIÓN DEL TÍTULO
Título Comisión para el estudio de las cuestiones que interesan a la mejora o bienestar de las clases obreras, tanto agrícolas como industriales y que afectan a las relaciones entre el capital y el trabajo.
260 ## - PUBLICACIÓN, DISTRIBUCIÓN, ETC.
Lugar de publicación, distribución, etc. Madrid :
Nombre del editor, distribuidor, etc. [s.n.],
Fecha de publicación, distribución, etc. 1884 (
Fabricante Imp. de José M. Ducazcal)
300 ## - DESCRIPCIÓN FÍSICA
Extensión 32 p. ;
Dimensiones 20 cm.
530 ## - NOTA DISPONIBLE DE FORMULARIO FÍSICO ADICIONAL
Nota de formato físico adicional disponible Disponible en formato digital.
651 #4 - PUNTO DE ACCESO ADICIONAL DE MATERIA--NOMBRE GEOGRÁFICO
Nombre geográfico España-
Subdivisión general Política social-
Subdivisión cronológica S.XIX
9 (RLIN) 8443
852 ## - LOCALIZACIÓN
Ubicación ES-MaACL
Número de control de estantería T-367-F-9
852 ## - LOCALIZACIÓN
Ubicación ES-MaACL
Número de control de estantería T-693-F-3
856 ## - LOCALIZACIÓN Y ACCESO ELECTRÓNICOS
Identificador Uniforme de Recursos <a href="http://bdh-rd.bne.es/viewer.vm?id=0000093263&page=1 ">http://bdh-rd.bne.es/viewer.vm?id=0000093263&page=1 </a>
Nota pública Biblioteca Digital Hispánica
Holdings
Estatus retirado Estado de pérdida Estado de daño No para préstamo Colección Biblioteca de origen Biblioteca actual Ubicación en estantería Fecha de adquisición Fuente de adquisición Total de préstamos Signatura topográfica completa Código de barras Visto por última vez Precio de reemplazo Tipo de ítem Koha
        Colección de folletos Biblioteca del Ateneo de Madrid Biblioteca del Ateneo de Madrid Depósito folletos 04/04/2011     T-367-F-9 1186517 23/02/2023 23/02/2023 Folleto
        Colección de folletos Biblioteca del Ateneo de Madrid Biblioteca del Ateneo de Madrid Depósito folletos 20/05/2005     T-693-F-3 1201984 23/02/2023 23/02/2023 Folleto